[Event "Vaujany op-B 8th"]
[Site "Vaujany"]
[Date "2017.07.16"]
[Round "4.4"]
[White "Joachim, Rodny"]
[Black "De Muyser, Xavier"]
[Result "0-1"]
[WhiteElo "1685"]
[BlackElo "1751"]
[PlyCount "80"]
[EventDate "2017.07.13"]
[EventType "swiss"]
[EventRounds "9"]
[EventCountry "FRA"]
[SourceTitle "EXT 2020"]
[Source "ChessBase"]
[SourceDate "2019.10.17"]
[SourceVersion "1"]
[SourceVersionDate "2019.10.17"]
[SourceQuality "1"]

1. e4 d6 2. d4 Nf6 3. Nc3 c6 4. Nf3 Bg4 5. Bc4 e6 6. Bb3 d5 7. Bg5 h6 8. Bxf6 Qxf6 9. Qd3 Bxf3 10. gxf3 Nd7 11. 0-0-0 0-0-0 12. e5 Qe7 13. f4 f5 14. h4 h5 15. Rdg1 c5 16. Rg6 cxd4 17. Qxd4 Qc5 18. Qxc5+ Nxc5 19. Nb5 a6 20. Nd4 Kd7 21. f3 Ke7 22. Rhg1 Kf7 23. R6g5 Rh7 24. R5g2 Be7 25. Rh1 g6 26. Kd2 Rc8 27. c3 b5 28. a3 Nb7 29. Ba2 Na5 30. b4 Nc6 31. Kd3 Bf8 32. Rhg1 Rg7 33. Ne2 Rg8 34. Rc1 Bh6 35. Rc2 Rc7 36. Bb3 Rgc8 37. Ke3 Nxe5 38. Kf2 Nd3+ 39. Kf1 Nxf4 40. Nxf4 Bxf4 0-1

[Event "Martinique-ch"]
[Site "Le Lamentin"]
[Date "2017.05.21"]
[Round "7"]
[White "Grange, Julien2222"]
[Black "Joachim, Rodny"]
[Result "1/2-1/2"]
[WhiteElo "1892"]
[BlackElo "1693"]
[PlyCount "56"]
[EventDate "2017.05.21"]
[EventType "tourn"]
[EventRounds "11"]
[EventCountry "MFR"]
[SourceTitle "EXT 2019"]
[Source "ChessBase"]
[SourceDate "2018.10.10"]
[SourceVersion "1"]
[SourceVersionDate "2018.10.10"]
[SourceQuality "1"]

1. d4 d5 2. c4 c6 3. Nc3 e6 4. Nf3 Nf6 5. e3 Nbd7 6. Qc2 Bd6 7. b3 0-0 8. Be2 e5 9. cxd5 cxd5 10. Nb5 Bb8 11. dxe5 Nxe5 12. Nbd4 Bd6 13. 0-0 Bg4 14. Nxe5 Bxe2 15. Qxe2 Bxe5 16. Bb2 Re8 17. h3 Qb6 18. Rfd1 Rac8 19. Nf3 Bxb2 20. Qxb2 Rc7 21. Rd4 Rec8 22. Ne1 Qa5 23. Rad1 h6 24. Qd2 Qxd2 25. R4xd2 Kh7 26. f3 Rc3 27. Kf2 a5 28. Rd4 b5 1/2-1/2

[Event "Martinique-ch"]
[Site "Le Lamentin"]
[Date "2017.05.21"]
[Round "11"]
[White "Joachim, Rodny"]
[Black "Midonet, Matthieu"]
[Result "0-1"]
[WhiteElo "1693"]
[BlackElo "2247"]
[PlyCount "88"]
[EventDate "2017.05.21"]
[EventType "tourn"]
[EventRounds "11"]
[EventCountry "MFR"]
[SourceTitle "EXT 2019"]
[Source "ChessBase"]
[SourceDate "2018.10.10"]
[SourceVersion "1"]
[SourceVersionDate "2018.10.10"]
[SourceQuality "1"]

1. e4 c5 2. Nf3 Nc6 3. d4 cxd4 4. Nxd4 e5 5. Nb5 d6 6. N1c3 a6 7. Na3 b5 8. Nd5 Nge7 9. c4 Nd4 10. Be2 Nxd5 11. cxd5 Nxe2 12. Qxe2 Be7 13. 0-0 0-0 14. Bd2 f5 15. f3 f4 16. b4 Qe8 17. Nc2 Bd8 18. Be1 Ra7 19. Bf2 Raf7 20. Rfc1 g5 21. Nd4 Bd7 22. Ne6 Bxe6 23. dxe6 Qxe6 24. Rc6 g4 25. Qd3 Be7 26. Kh1 Kh8 27. Rxa6 Rg7 28. Qd5 Qg6 29. Qd1 g3 30. Be1 gxh2 31. Qe2 Rfg8 32. Rc1 Qxg2+ 33. Qxg2 Rxg2 34. Ra8 Rxa8 35. Kxg2 Rxa2+ 36. Kh1 Re2 37. Bf2 d5 38. Bc5 dxe4 39. Bxe7 exf3 40. Bh4 Kg7 41. Bf6+ Kg6 42. Bxe5 Rxe5 43. Kxh2 Re4 44. Rc6+ Kf5 0-1

[Event "Martinique-ch"]
[Site "Le Lamentin"]
[Date "2017.05.21"]
[Round "1"]
[White "Prudent, Sylvio"]
[Black "Joachim, Rodny"]
[Result "1/2-1/2"]
[WhiteElo "1650"]
[BlackElo "1693"]
[PlyCount "101"]
[EventDate "2017.05.21"]
[EventType "tourn"]
[EventRounds "11"]
[EventCountry "MFR"]
[SourceTitle "EXT 2019"]
[Source "ChessBase"]
[SourceDate "2018.10.10"]
[SourceVersion "1"]
[SourceVersionDate "2018.10.10"]
[SourceQuality "1"]

1. Nf3 d5 2. b3 c5 3. Bb2 Nc6 4. e3 Nf6 5. Bb5 Bd7 6. 0-0 e6 7. Bxc6 Bxc6 8. Ne5 Be7 9. f4 0-0 10. d3 Be8 11. Nd2 Nd7 12. Ng4 f6 13. Nf3 Bh5 14. h3 Bxg4 15. hxg4 Qc7 16. Qe2 e5 17. g3 Rae8 18. Qd2 Bd6 19. c3 Nb6 20. Nh4 g6 21. a4 a5 22. c4 dxc4 23. dxc4 exf4 24. gxf4 Qd7 25. Ng2 Bc7 26. Qxd7 Nxd7 27. Rad1 Rf7 28. Rd3 Ree7 29. Rfd1 Nb8 30. Kf2 Nc6 31. Bc3 b6 32. Nh4 Nb4 33. Bxb4 axb4 34. Rd5 Re4 35. Kf3 Rfe7 36. R1d3 Kf7 37. Rd7 Rxe3+ 38. Rxe3 Rxd7 39. Ng2 Rd4 40. Re4 Rd3+ 41. Re3 Rxe3+ 42. Nxe3 Ke6 43. Nd5 Bd8 44. Kg3 h6 45. Kf3 f5 46. gxf5+ gxf5 47. Ne3 Kf6 48. Kg3 Kg6 49. Kh3 Bc7 50. Kg3 Bd8 51. Kh3 1/2-1/2

[Event "Vaujany op-B 7th"]
[Site "Vaujany"]
[Date "2016.07.16"]
[Round "4"]
[White "Joachim, Rodny"]
[Black "Mathieu, Phileas"]
[Result "1/2-1/2"]
[WhiteElo "1726"]
[BlackElo "1881"]
[PlyCount "113"]
[EventDate "2016.07.16"]
[EventType "swiss"]
[EventRounds "9"]
[EventCountry "FRA"]
[SourceTitle "EXT 2017"]
[Source "ChessBase"]
[SourceDate "2016.10.25"]
[SourceVersion "1"]
[SourceVersionDate "2016.10.25"]
[SourceQuality "1"]

1. e4 e6 2. d4 d5 3. exd5 exd5 4. c4 Nf6 5. Nc3 Be7 6. Nf3 0-0 7. Bd3 Be6 8. Qb3 dxc4 9. Bxc4 Bxc4 10. Qxc4 Nbd7 11. 0-0 Nb6 12. Qb3 Nfd5 13. Bd2 c6 14. Rac1 Bf6 15. Rfe1 h6 16. a4 a5 17. Nxd5 Nxd5 18. Qxb7 Rb8 19. Qxc6 Rxb2 20. Rc5 Nb4 21. Bxb4 Rxb4 22. d5 Qa8 23. Qxa8 Rxa8 24. d6 Rxa4 25. d7 Rd8 26. Rc8 Kh7 27. Rxd8 Bxd8 28. Rd1 Rb4 29. Ne5 Rb8 30. Nxf7 a4 31. Nxd8 Rxd8 32. g3 a3 33. Ra1 Rxd7 34. Rxa3 Rd6 35. Kg2 g5 36. Ra4 Kg6 37. h4 Rf6 38. hxg5 hxg5 39. f3 Rb6 40. Ra8 Rb4 41. Re8 Kf5 42. g4+ Kg6 43. Re6+ Kf7 44. Ra6 Kg7 45. Kf2 Rb3 46. Re6 Kf7 47. Re3 Rb2+ 48. Kg3 Rb4 49. Re1 Ra4 50. Rf1 Ra3 51. Kg2 Ra2+ 52. Rf2 Ra4 53. Kf1 Kf6 54. Rd2 Ke5 55. Kf2 Kf4 56. Re2 Rc4 57. Kg2 1/2-1/2

[Event "Vaujany op-B 7th"]
[Site "Vaujany"]
[Date "2016.07.16"]
[Round "6"]
[White "Joachim, Rodny"]
[Black "Vlaar, Shannon"]
[Result "0-1"]
[WhiteElo "1726"]
[BlackElo "1830"]
[PlyCount "74"]
[EventDate "2016.07.16"]
[EventType "swiss"]
[EventRounds "9"]
[EventCountry "FRA"]
[SourceTitle "EXT 2017"]
[Source "ChessBase"]
[SourceDate "2016.10.25"]
[SourceVersion "1"]
[SourceVersionDate "2016.10.25"]
[SourceQuality "1"]

1. e4 c5 2. Nf3 e6 3. d4 cxd4 4. Nxd4 Nc6 5. c4 Qa5+ 6. Bd2 Qe5 7. Nb5 Qxe4+ 8. Qe2 Qxe2+ 9. Bxe2 Rb8 10. Bf3 a6 11. Bxc6 bxc6 12. Bf4 Rb7 13. Nc7+ Kd8 14. Nxa6 Rxb2 15. Bc7+ Ke8 16. Be5 Rc2 17. Nc7+ Kd8 18. Kd1 Rxf2 19. Nd2 Rf5 20. Bg3 Nf6 21. Rb1 Nh5 22. Na8 Nxg3 23. hxg3 Ra5 24. Rb8 Bd6 25. Rxc8+ Kxc8 26. Nb6+ Kc7 27. c5 Bxc5 28. Nbc4 Rxa2 29. Ne4 Ra1+ 30. Ke2 Rxh1 31. Nxc5 Ra8 32. Kf3 Rc1 33. Ke2 Rxc4 34. Ke1 Rc2 35. Nb3 Rb2 36. Nd2 Ra1+ 37. Nb1 Raxb1# 0-1

[Event "Gibraltar Masters 14th"]
[Site "Caleta"]
[Date "2016.02.03"]
[Round "9"]
[White "Joachim, Rodny"]
[Black "Schimmer, Michael"]
[Result "1/2-1/2"]
[WhiteElo "1659"]
[BlackElo "1782"]
[PlyCount "96"]
[EventDate "2016.01.26"]
[EventType "swiss"]
[EventRounds "10"]
[EventCountry "GGB"]
[SourceTitle "CBM 171"]
[Source "ChessBase"]
[SourceDate "2016.03.14"]
[SourceVersion "2"]
[SourceVersionDate "2016.03.14"]
[SourceQuality "1"]

1. e4 d6 2. d4 Nf6 3. Nc3 g6 4. Nf3 Bg7 5. Bc4 0-0 6. 0-0 Nxe4 7. Nxe4 d5 8. Bxd5 Qxd5 9. Re1 Bg4 10. h3 Bxf3 11. Qxf3 c6 12. c3 Nd7 13. Bg5 Rae8 14. Be3 a5 15. Nd2 Nf6 16. Bf4 Qb5 17. Re5 Qxb2 18. Rb1 Qxa2 19. Rxb7 Nd5 20. Re1 a4 21. Nf1 Qc4 22. Bd6 Bf6 23. Nd2 Qa6 24. Rd7 exd6 25. Rxe8 Rxe8 26. c4 a3 27. cxd5 a2 28. Nb3 a1Q+ 29. Nxa1 Qxa1+ 30. Kh2 Qxd4 31. dxc6 Kg7 32. c7 Qc4 33. Qb7 Qf4+ 34. g3 Qxf2+ 35. Qg2 Qc5 36. Qa2 Re7 37. Rxe7 Bxe7 38. Qb2+ Bf6 39. Qb7 Qc2+ 40. Kh1 Qd1+ 41. Kh2 Qe2+ 42. Kh1 Bd4 43. h4 Qf2 44. Qg2 Qe1+ 45. Kh2 Qc1 46. Qb7 Qc2+ 47. Kh3 Qf5+ 48. Kh2 Qc2+ 1/2-1/2

[Event "Gibraltar Masters 14th"]
[Site "Caleta"]
[Date "2016.02.01"]
[Round "7"]
[White "Joachim, Rodny"]
[Black "Slinger, Tony J"]
[Result "1/2-1/2"]
[WhiteElo "1659"]
[BlackElo "1915"]
[PlyCount "106"]
[EventDate "2016.01.26"]
[EventType "swiss"]
[EventRounds "10"]
[EventCountry "GGB"]
[SourceTitle "CBM 171"]
[Source "ChessBase"]
[SourceDate "2016.03.14"]
[SourceVersion "2"]
[SourceVersionDate "2016.03.14"]
[SourceQuality "1"]

1. e4 g6 2. d4 Bg7 3. Bc4 d6 4. Nf3 Nf6 5. e5 dxe5 6. Nxe5 0-0 7. 0-0 c6 8. Nc3 Nbd7 9. Re1 Nxe5 10. dxe5 Qxd1 11. Rxd1 Ng4 12. f4 h5 13. h3 Nh6 14. Be3 Bf5 15. Rd2 b5 16. Bb3 a5 17. a4 b4 18. Ne2 Be4 19. Bc5 Rfe8 20. Ng3 Bf5 21. Rad1 Bf8 22. Kf2 h4 23. Nf1 Kg7 24. Nh2 Be4 25. Ke3 f5 26. Nf3 e6 27. Rd7+ Nf7 28. Rxf7+ Kxf7 29. Ng5+ Kg8 30. Bxe6+ Rxe6 31. Nxe6 Bxc5+ 32. Nxc5 Bxg2 33. Ne6 Bxh3 34. Rh1 Bg2 35. Rxh4 Be4 36. Rh2 Re8 37. Ng5 c5 38. Nxe4 fxe4 39. Rd2 c4 40. Rd7 g5 41. Kxe4 gxf4 42. Kxf4 Rf8+ 43. Ke3 Rf1 44. Ke2 Rb1 45. e6 Kf8 46. Rc7 Rxb2 47. Rxc4 Ra2 48. Kd1 Rxa4 49. c3 Ra1+ 50. Kc2 Ke7 51. cxb4 axb4 52. Re4 Ra3 53. Rxb4 Kxe6 1/2-1/2

[Event "Gibraltar Masters 14th"]
[Site "Caleta"]
[Date "2016.01.31"]
[Round "6"]
[White "Beadle, John R"]
[Black "Joachim, Rodny"]
[Result "0-1"]
[WhiteElo "1560"]
[BlackElo "1659"]
[PlyCount "38"]
[EventDate "2016.01.26"]
[EventType "swiss"]
[EventRounds "10"]
[EventCountry "GGB"]
[SourceTitle "CBM 171"]
[Source "ChessBase"]
[SourceDate "2016.03.14"]
[SourceVersion "2"]
[SourceVersionDate "2016.03.14"]
[SourceQuality "1"]

1. e4 e5 2. Nf3 Nc6 3. Bc4 Nf6 4. Nc3 Be7 5. 0-0 0-0 6. a3 Nxe4 7. Bxf7+ Rxf7 8. Nxe4 d5 9. Ng3 Bg4 10. d3 Nd4 11. h3 Nxf3+ 12. gxf3 Bxf3 13. Qe1 Qd7 14. Kh2 e4 15. dxe4 dxe4 16. Nxe4 Bd6+ 17. Ng3 Re8 18. Qa5 Rf5 19. Qxa7 Rh5 0-1

[Event "Martinique-ch op-A 31th"]
[Site "Madiana"]
[Date "2015.05.10"]
[Round "1"]
[White "Joachim, Rodny"]
[Black "Gratien, Joel"]
[Result "0-1"]
[WhiteElo "1613"]
[BlackElo "1456"]
[PlyCount "66"]
[EventDate "2015.05.10"]
[EventType "swiss"]
[EventRounds "7"]
[EventCountry "FRA"]
[SourceTitle "EXT 2016"]
[Source "ChessBase"]
[SourceDate "2015.10.08"]
[SourceVersion "1"]
[SourceVersionDate "2015.10.08"]
[SourceQuality "1"]

1. e4 e6 2. d4 d5 3. exd5 exd5 4. c4 Nc6 5. Be3 Be6 6. Nc3 Nf6 7. c5 g6 8. Nf3 Bg7 9. Be2 0-0 10. 0-0 Ne4 11. Rc1 f5 12. Bf4 g5 13. Nxe4 fxe4 14. Nxg5 Nxd4 15. Be3 Nxe2+ 16. Qxe2 Qd7 17. h3 Bf5 18. g4 Bg6 19. h4 h6 20. Nh3 d4 21. Bf4 d3 22. Qd1 Kh8 23. Bg3 Bd4 24. Kh2 Rac8 25. Nf4 Bh7 26. Kh3 e3 27. fxe3 Bxe3 28. Rc4 Rcd8 29. Ng2 Bd4 30. Qe1 d2 31. Be5+ Bxe5 32. Qxe5+ Qg7 33. Qxg7+ Kxg7 0-1

[Event "Martinique-ch op-A 31th"]
[Site "Madiana"]
[Date "2015.05.10"]
[Round "4"]
[White "Joachim, Rodny"]
[Black "Laurent, Nicolas"]
[Result "1-0"]
[WhiteElo "1613"]
[BlackElo "1374"]
[PlyCount "43"]
[EventDate "2015.05.10"]
[EventType "swiss"]
[EventRounds "7"]
[EventCountry "FRA"]
[SourceTitle "EXT 2016"]
[Source "ChessBase"]
[SourceDate "2015.10.08"]
[SourceVersion "1"]
[SourceVersionDate "2015.10.08"]
[SourceQuality "1"]

1. e4 c5 2. Nf3 d6 3. d4 cxd4 4. Nxd4 e5 5. Bb5+ Bd7 6. Bxd7+ Qxd7 7. Nb3 Nf6 8. Nc3 Be7 9. Bg5 0-0 10. Bxf6 Bxf6 11. Nd5 Bg5 12. Qh5 h6 13. 0-0 Nc6 14. Rad1 Rac8 15. Nc5 Qe8 16. Nxb7 Qe6 17. h4 Be7 18. Nxe7+ Qxe7 19. Nxd6 Rb8 20. Nf5 Qc7 21. Rd6 Kh8 22. Rxh6+ 1-0

[Event "FRA-ch op-C"]
[Site "Saint Quentin"]
[Date "2015.??.??"]
[Round "6"]
[White "Joachim, Rodny"]
[Black "Nguyen Cadoret, Nathan"]
[Result "1/2-1/2"]
[WhiteElo "1628"]
[BlackElo "1457"]
[PlyCount "98"]
[EventDate "2015.08.09"]
[EventType "swiss"]
[EventRounds "11"]
[EventCountry "FRA"]
[SourceTitle "EXT 2016"]
[Source "ChessBase"]
[SourceDate "2015.10.08"]
[SourceVersion "1"]
[SourceVersionDate "2015.10.08"]
[SourceQuality "1"]

1. d4 d5 2. c4 e6 3. Nf3 Nf6 4. Bg5 Be7 5. e3 0-0 6. Nc3 Nbd7 7. Rc1 b6 8. cxd5 exd5 9. Bd3 Bb7 10. 0-0 c5 11. dxc5 Nxc5 12. Bb1 Ne6 13. Bh4 Re8 14. Qc2 g6 15. Rfd1 Rc8 16. Bxf6 Bxf6 17. Qd2 Bxc3 18. Rxc3 Rxc3 19. Qxc3 Qe7 20. a3 Rc8 21. Qe5 Qc7 22. Qxc7 Rxc7 23. Nd4 Nxd4 24. exd4 Re7 25. Bd3 Kg7 26. Rc1 Kf6 27. Rd1 Rc7 28. Re1 Bc8 29. Rd1 Be6 30. Re1 Ke7 31. f3 Kd6 32. Kf1 Bd7 33. Ke2 Ba4 34. Kd2 Kd7 35. Rc1 Rxc1 36. Kxc1 Kc6 37. Kd2 a5 38. h4 Kd6 39. g4 Bd7 40. g5 Ke6 41. h5 Kd6 42. h6 Bh3 43. f4 Bd7 44. Kc3 Bg4 45. b3 Ke6 46. b4 Bf5 47. Be2 Be4 48. Bg4+ Bf5 49. Bf3 Be4 1/2-1/2